000 00955nam a2200217 a 4500
001 000128178
003 AM-YEHGA
005 20250617122705.0
008 971104s1974 ru ||||gr|||||||||0|rus|d
040 _aAM-YeHGA
041 0 _arus
245 0 0 _aНаследие А.Н. Островского и советская культура /
_cАН СССР. Ин-т мировой литературы им. А.М. Горького ; Редкол.: С.Е. Шаталов (отв. ред.) и др.
260 _aМосква :
_bНаука,
_c1974.
300 _a352 с.
600 1 4 _aОстровский, Александр Николаевич,
_d1823-1886
650 1 4 _aРусская литература
_y19 в.
700 1 _aШаталов, Станислав Евгеньевич
_eред.
_4edt
710 2 _aИнститут мировой литературы им. А.М. Горького АН СССР
942 _2udc
_cBK
090 _c43449
999 _c42749
_d42749